00573nam a2200193Ia 4500008004100000020001800041050001500059050002100074245002600095245007200121245003000193260001900223260004200242260000900284300001700293300001100310650004000321700001800361160319s9999 xx 000 0 und d a9789715426381 a899.210301 b.U55 2010 vol. 1 aUnderground spirit :  bPhilippine short stories in English, 1973-1989 / Vol. I, 1973-1982. cedited by Gemino H. Abad. aQuezon City :  bUniversity of the Philippines Press,  c2010 a641 pages ;  c23 cm. aShort stories, Philippine (English) aAbad, Gemino.